| 000 | 00639nam a22002057a 4500 | ||
|---|---|---|---|
| 999 |
_c8391 _d8391 |
||
| 003 | AR-CdUCM | ||
| 008 | 190325b ||||| |||| 00| 0 spa d | ||
| 020 | _a9789876465281 | ||
| 040 |
_aMUNICIPALIDAD PROVINCIAL DEL CUSCO _cBIBLIOTECA MUNICIPAL DEL CUSCO |
||
| 082 |
_a869.27 / _bM86S |
||
| 100 |
_aMora, Cesar _923553 |
||
| 245 | _aLa serpiente / | ||
| 260 |
_aCórdoba : _bAlción Editora, _c20015. |
||
| 300 |
_a77 páginas ; _c20.5 cm. |
||
| 650 |
_aNarrativa argentina - Siglo XXI _923554 |
||
| 650 |
_aLiteratura - Argentina _984 |
||
| 650 |
_aAutores argentinos contemporáneos _923555 |
||
| 942 |
_2ddc _cLIBROS |
||
| 945 | _alccs | ||